Martín Scorsese: apuntes para una trilogía del crimen
Wedi'i Gadw mewn:
| Prif Awdur: | |
|---|---|
| Fformat: | Llyfr |
| Iaith: | Sbaeneg |
| Cyhoeddwyd: |
Santiago
Universidad de Chile
2005
|
| Cyfres: | Cine, 2
|
| Pynciau: | |
| Tagiau: |
Ychwanegu Tag
Dim Tagiau, Byddwch y cyntaf i dagio'r cofnod hwn!
|
MARC
| LEADER | 00000nam a2200000 a 4500 | ||
|---|---|---|---|
| 001 | UCG1263 | ||
| 003 | CL-VaPUC | ||
| 008 | 100429e20050000CL |||||||||||||||||spa|d | ||
| 020 | |a 9789561904667 | ||
| 082 | 0 | 4 | |a 791.43 |b CEC |2 21 |
| 100 | |a Cecerau Lagos, Luis E |e author |9 598829 | ||
| 245 | 1 | 0 | |a Martín Scorsese: apuntes para una trilogía del crimen |
| 300 | |a 124 p | ||
| 942 | |c BK | ||
| 945 | |d 20100429 00:00:00 |a rbrito | ||
| 260 | |a Santiago |b Universidad de Chile |c 2005 | ||
| 600 | 0 | 7 | |a SCORSESE, MARTIN |2 CL-VaPUC |9 523284 |
| 650 | 0 | |a Cinematografía |9 265198 | |
| 650 | 0 | |a Cine |9 225706 | |
| 650 | 0 | |a Crítica de cine |9 267411 | |
| 583 | |a last modification |c 20100429 00:00:00 |k Rodrigo Vera | ||
| 490 | 0 | |a Cine, 2 | |
| 999 | |c 340671 |d 340669 | ||
| 952 | |0 0 |1 0 |4 0 |6 791_430000000000000_CEC_2005 |7 0 |8 A |9 435595 |a BIBART |b BIBART |d 2019-11-22 |i 4665228 |o 791.43 CEC 2005 |p 4665228 |r 2025-03-13 |w 2019-11-22 |y BK |k ART | ||